000 00320nam a22001457a 4500
003 Macl
005 20241020121628.0
008 241020b |||||||| |||| 00| 0 eng d
040 _cMacl
082 _a004
100 _aAhilya,Rani
_982620
245 _a Lucent Computer
650 _aCOMPUTER
942 _2ddc
_cC. BOOKS
999 _c67280
_d67280